| 000 | 01939cam a22004337i 4500 | ||
|---|---|---|---|
| 999 |
_c9808 _d9808 |
||
| 001 | 17531574 | ||
| 003 | GBCCL | ||
| 005 | 20241126110719.0 | ||
| 008 | 121116s2013 tnu b 001 0 eng d | ||
| 010 | _a 2012954165 | ||
| 020 | _a9780849948534 | ||
| 020 | _a0849948533 | ||
| 020 | _z9780785238331 (IE) | ||
| 020 | _z0785238336 (IE) | ||
| 020 |
_z9780849964305 _qebook |
||
| 035 | _a(OCoLC)ocn798061569 | ||
| 040 |
_aBTCTA _beng _cBTCTA _erda _dBDX _dYDXCP _dOQX _dCGP _dBWX _dABG _dDLC |
||
| 042 | _alccopycat | ||
| 050 | 0 | 0 |
_aBT103 _b.B76 2013 |
| 082 | 0 | 4 |
_a212.1 _223 _bBRO |
| 100 | 1 |
_aBroocks, Rice, _eauthor. _917069 |
|
| 245 | 1 | 0 |
_aGod's not dead : _bevidence for God in an age of uncertainty / _cRice Broocks. |
| 246 | 3 | _aGod is not dead | |
| 264 | 1 |
_aNashville : _bThomas Nelson, _c[2013] |
|
| 300 |
_axix, 279 pages ; _c22 cm |
||
| 336 |
_atext _btxt _2rdacontent |
||
| 337 |
_aunmediated _bn _2rdamedia |
||
| 338 |
_avolume _bnc _2rdacarrier |
||
| 504 | _aIncludes bibliographical references (pages 243-263) and index. | ||
| 505 | 0 | _aGround Zero of faith -- God's not dead -- Real faith isn't blind -- Good and evil are no illusions -- There was a beginning -- Life is no accident -- Life has meaning and purpose -- Jesus and the Resurrection -- The witness of scripture -- The grace effect -- Living proof -- Seeking God. | |
| 520 | _aExplores "the questions surrounding faith, skepticism, and the meaning of life ... as well as ... evidence for the existence of God and the truths of Christianity"--Dust jacket flap. | ||
| 650 | 0 |
_aGod _xProof. _96063 |
|
| 650 | 0 |
_aGod (Christianity) _92362 |
|
| 650 | 0 |
_aApologetics. _985 |
|
| 856 | 4 | 2 |
_3Publisher description _uhttp://www.loc.gov/catdir/enhancements/fy1317/2012954165-d.html |
| 906 |
_a7 _bcbc _ccopycat _d2 _eepcn _f20 _gy-gencatlg |
||
| 942 |
_2ddc _cBK _03 |
||